Fumbling in the future : How xerox invented, then ignored, the first personal computer

Uloženo v:
Podrobná bibliografie
Hlavní autor: Smith, Douglas K.
Médium: Kniha
Jazyk:Undetermined
Vydáno: New York William Morrow and Company, Inc 1988
Témata:
Tagy: Přidat tag
Žádné tagy, Buďte první, kdo otaguje tento záznam!
Thư viện lưu trữ: Trung tâm Học liệu Trường Đại học Cần Thơ
LEADER 00608nam a2200193Ia 4500
001 CTU_84026
008 210402s9999 xx 000 0 und d
082 |a 338.7 
082 |b S653 
100 |a Smith, Douglas K. 
245 0 |a Fumbling in the future : 
245 0 |b How xerox invented, then ignored, the first personal computer 
245 0 |c Douglas K. Smith, Robert C. Alexander 
260 |a New York 
260 |b William Morrow and Company, Inc 
260 |c 1988 
650 |a Microcomputers,Xerox corporation 
904 |i QHieu(sửa) 
980 |a Trung tâm Học liệu Trường Đại học Cần Thơ